South Eastern Kenya University

Library Online Public Access Catalogue


Industrial valley / (Record no. 12521)

MARC details
000 -LEADER
fixed length control field 00863pam a2200253 a 4500
001 - CONTROL NUMBER
control field 3448208
003 - CONTROL NUMBER IDENTIFIER
control field OSt
005 - DATE AND TIME OF LATEST TRANSACTION
control field 20160407164053.0
008 - FIXED-LENGTH DATA ELEMENTS--GENERAL INFORMATION
fixed length control field 920116r19921939nyuab b 000 1 eng
010 ## - LIBRARY OF CONGRESS CONTROL NUMBER
LC control number 92002696
020 ## - INTERNATIONAL STANDARD BOOK NUMBER
International Standard Book Number 0875461832 (pbk. : acidfree paper)
040 ## - CATALOGING SOURCE
Original cataloging agency SEKU
050 00 - LIBRARY OF CONGRESS CALL NUMBER
Classification number PS 3525
Item number .M32
100 1# - MAIN ENTRY--PERSONAL NAME
Personal name McKenney, Ruth,
Dates associated with a name 1911-1972.
245 10 - TITLE STATEMENT
Title Industrial valley /
Statement of responsibility, etc. Ruth McKenney ; with an introduction by Daniel Nelson.
260 ## - PUBLICATION, DISTRIBUTION, ETC. (IMPRINT)
Place of publication, distribution, etc. Ithaca, N.Y. :
Name of publisher, distributor, etc. ILR Press,
Date of publication, distribution, etc. 1992.
300 ## - PHYSICAL DESCRIPTION
Extent xx, 379 p. :
Other physical details ill., map ;
440 #0 - SERIES STATEMENT/ADDED ENTRY--TITLE
Title Literature of American labor
500 ## - GENERAL NOTE
General note Originally published: New York : Harcourt, Brace, 1939.
504 ## - BIBLIOGRAPHY, ETC. NOTE
Bibliography, etc Includes bibliographical references.
650 #0 - SUBJECT ADDED ENTRY--TOPICAL TERM
Topical term or geographic name as entry element Rubber industry and trade
Geographic subdivision Ohio
-- Akron
General subdivision History
Chronological subdivision 20th century
Form subdivision Fiction.
651 #0 - SUBJECT ADDED ENTRY--GEOGRAPHIC NAME
Geographic name Akron (Ohio)
General subdivision History
Form subdivision Fiction.
942 ## - ADDED ENTRY ELEMENTS (KOHA)
Source of classification or shelving scheme Library of Congress Classification
Koha item type General circulation
Holdings
Withdrawn status Lost status Source of classification or shelving scheme Damaged status Not for loan Home library Current library Date acquired Source of acquisition Full call number Barcode Date last seen Price effective from Koha item type Public note
    Library of Congress Classification     SEHSS - Library SEHSS - Library 07/04/2016 Donations - Books for Africa [EHS] PS 3525 .M32 2016/015801 07/04/2016 07/04/2016 General circulation 3kwa
Kitui, Kenya.
+254736116989
library@seku.ac.ke